Pays européens par superficie forestière (en %) - Statistiques

Statistiques générales
  • Ce quiz a été pris 143 fois
  • Le résultat moyen est 8 sur 10
Statistiques - réponses
Forêts (%) Pays % Correct
69 Finlande
95%
75 Suède
94%
45 Russie
93%
47 Autriche
79%
51 Estonie
75%
45 Lettonie
75%
60 Slovénie
73%
44 Croatie
68%
56 Espagne
63%
45 Monténégro
52%
Aucun quiz correspondant
Distribution des résultats
% des personnes avec chaque résultat
Percentile par nombre de réponses
Votre historique - résultats
Vous n’avez pas pris ce quiz